000 00221 a2200097 4500
001 38207
100 _aMatiur Rehman
245 _aSecond thoughts on Bangladesh
260 _aIslamabad
_bNBF
_c1979
090 _c24265
_d24265
942 _aNUST-CAE
_cM
_c15853
999 _c273280
_d273280